| 000 | 00762nam a22002297a 4500 | ||
|---|---|---|---|
| 005 | 20130912113914.0 | ||
| 010 | _aENG-108216 | ||
| 020 |
_c1095.00 _a9780198081746 |
||
| 020 |
_c1095.00 _a019808174x |
||
| 035 | _aEN-91749 | ||
| 037 | _bDBAD/PUB | ||
| 082 | _a327.54 | ||
| 245 |
_aIndia's foreign policy : _cedited by Kanti P. Bajpai [and] Harsh V.Pant _ba reader / |
||
| 260 |
_aNew Delhi _bOxford University Press _c2013 |
||
| 270 |
_aYMCA Library Building, 1 Jai Singh Road, _bNew Delhi _e110001 |
||
| 300 |
_ax,452p. _c22cm(Hb) |
||
| 490 | _aCritical issues in Indian politics | ||
| 500 | _aIncludes bibliographical reference and index | ||
| 700 | _aBajpai, Kanti P. | ||
| 700 | _aPant, Harsh V. | ||
| 942 |
_2ddc _cEN _mIND _h327.54 |
||
| 999 |
_c78311 _d78311 |
||